مكتبة جامعة عجلون الوطنية

فهرس بحث المكتبة

Normal view MARC view
  • تاليف لجنة من الاساتذة الاختصاصين

Entry Personal Name

Number of records used in: 1

001 - CONTROL NUMBER

  • control field: 36293

003 - CONTROL NUMBER IDENTIFIER

  • control field: JO-AjAnu

005 - DATE AND TIME OF LATEST TRANSACTION

  • control field: 20230606080048.0

008 - FIXED-LENGTH DATA ELEMENTS

  • fixed length control field: 230606|| aca||aabn | a|a d

040 ## - CATALOGING SOURCE

  • Original cataloging agency: JO-AjAnu
  • Transcribing agency: JO-AjAnu

100 ## - HEADING--PERSONAL NAME

  • Personal name: تاليف لجنة من الاساتذة الاختصاصين

670 ## - SOURCE DATA FOUND

  • Source citation: Work cat.: (JO-AjAnu)18633: تاليف لجنة من الاساتذة الاختصاصين , author, الضرب على الالة الكاتبة بطريقة اللمس بدون المعلم